000 00648nam 22002053 4500
001 197688
010 _a972-8052-02-2
021 _aPT
_b166616/01
090 _a197688
100 _a20250828d u||y0pory50 ba
200 _aPela Biblioteca Pública de Évora
_edefesa de uma instituição cultural
_fCelestino Froes David, Marcial Rodrigues
210 _aÉvora
_cGrupo Pro-Évora
_d2001
215 _a123 p.
_cbrochado
_d21 cm
606 _91270
_aBiblioteconomia
_xBibliotecas
675 _a027
_vPT
_zpor
700 _913733
_aDavid
_bCelestino Froes
701 _912069
_aRodrigues
_bMarcial
801 _aPT
_bBMMN
_gRPC
830 _cVanda
990 _cLIVROS